000 00451nam a2200193Ia 4500
005 20240823031547.0
008 240823s9999||||xx |||||||||||||| ||und||
020 _a978-81-203-3970-5
041 _aENGLISH
082 _A001.43 Q 0
100 _aArijit Chaudhuri
245 0 _aEssentials of Survey Sampling
250 _a1st
260 _c2010
_b#VALUE!
500 _aYES
650 _aSurvey Sampling
_bCivil
942 _cBK
999 _c191369
_d191369